| 000 | 00832cam a2200253 4500 | ||
|---|---|---|---|
| 001 | J345 | ||
| 008 | 090401t1991 xxu||||| |||| 00| 0 eng d | ||
| 035 | _a(Sirsi) u74497 | ||
| 041 | _aeng | ||
| 050 | _a333.332 | ||
| 100 | _aCrosby, Neil | ||
| 245 | 4 | _aThe valuation of freehold reversionary property investments in U.K. practice. | |
| 260 |
_aOxford _bOxford Polytechnic Department of Estate _c1991 |
||
| 300 | _axvi,189p. ; 30cm. | ||
| 350 | _a25 | ||
| 520 | _aResearch report of the project funded by the Royal Institution of Chartered Surveyors Education Trust. | ||
| 650 | _aPROPERTY INVESTMENT | ||
| 650 | _aREVERSIONARY FREEHOLDS | ||
| 650 |
_aValuation _96273 |
||
| 690 | _aRATING AND VALUATION | ||
| 710 |
_aRoyal Institution of Chartered Surveyors _bEducation Trust _947 |
||
| 942 | _n0 | ||
| 948 | _c04/03/1997 | ||
| 999 |
_c95863 _d95863 |
||